A web-based school management system for Palestine /
Saved in:
| Main Author: | |
|---|---|
| Format: | Thesis Book |
| Language: | English |
| Published: |
2006.
|
| Subjects: | |
| Tags: |
Add Tag
No Tags, Be the first to tag this record!
|
| LEADER | 01034cam a2200253 a 4500 | ||
|---|---|---|---|
| 001 | u724779 | ||
| 003 | SIRSI | ||
| 005 | 200607211555 | ||
| 008 | 060721s2006 my t 000 0 eng m | ||
| 040 | |a UMM | ||
| 043 | |a a-is--- | ||
| 090 | |a QA76 |b UM 2006 Alt | ||
| 100 | 1 | 0 | |a Al Tamimi, Tariq Khayri A Haleem Ibido. |
| 245 | 1 | 2 | |a A web-based school management system for Palestine / |c Tariq Khayri A. Haleem Ibido Al Tamimi. |
| 260 | |c 2006. | ||
| 300 | |a xiii, [250] leaves : |b ill. ; |c 30 cm. | ||
| 502 | |a Dissertation (M.Comp.Sc.) -- Fakulti Sains Komputer dan Teknologi Maklumat, Universiti Malaya, 2006. | ||
| 504 | |a Bibliography: leaves 197-199. | ||
| 650 | 0 | |a Educational technology |z Palestine. | |
| 650 | 0 | |a Information technology |x Study and teaching |z Palestine. | |
| 650 | 0 | |a Internet in education |z Palestine. | |
| 710 | 2 | 0 | |a Universiti Malaya. |b Fakulti Sains Komputer dan Teknologi Maklumat. |
| 596 | |a 1 | ||
| 999 | |a QA76 UM 2006 ALT |w LC |c 1 |i A512734026 |d 30/1/2011 |e 30/1/2011 |f 22/9/2006 |g 1 |l STACKS |m P01UTAMA |n 7 |r Y |s Y |t TESIS |u 22/9/2006 | ||
